000
00308nam a2200133Ia 4500
008
260604s9999 xx 000 0 und d
020
_a
9789393285782
082
_a
891.433 SUK
100
_a
ACHARYA RAMCHAN
_9
35279
245
0
_a
JAYASI BIBLIOGRAPHY(HINDI)
260
_b
DPS
500
_a
Jayasi
942
_c
BK
999
_c
8044
_d
8044